| Tag |
First Indicator |
Second Indicator |
Subfields |
| LEADER |
00000cam a22000007a 4500 |
| 001 |
in00000004005 |
| 007 |
he bmb024bbca |
| 008 |
990719s1998 dcua b f000 0 eng d |
| 005 |
20230309222517.7 |
| 035 |
|
|
|a (OCoLC)41900326
|
| 035 |
|
|
|9 AJH8420AM
|
| 035 |
|
|
|a in00000004005
|
| 040 |
|
|
|a GPO
|c GPO
|d DLC
|d MvI
|d UtOrBLW
|
| 043 |
|
|
|a n-us---
|
| 049 |
|
|
|a UMIC
|
| 074 |
|
|
|a 0431-J (MF)
|
| 074 |
|
|
|a 0431-J (online)
|
| 086 |
0 |
|
|a EP 1.23/6:600/R-98/173
|
| 088 |
|
|
|a EPA/600/R-98/173
|
| 100 |
1 |
|
|a Dindal, Amy B.
|
| 245 |
1 |
0 |
|a Immunoassay kit :
|b EnviroLogix, Inc. PCB in Soil Tube Assay /
|c by Amy B. Dindal, Eric N. Koglin.
|
| 264 |
|
1 |
|a Washington, D.C. :
|b U.S. Environmental Protection Agency, Office of Research and Development,
|c [1998]
|
| 300 |
|
|
|a xxi, 83 pages :
|b illustrations
|
| 336 |
|
|
|a text
|b txt
|2 rdacontent
|
| 337 |
|
|
|a microform
|b h
|2 rdamedia
|
| 338 |
|
|
|a microfiche
|b he
|2 rdacarrier
|
| 490 |
1 |
|
|a Environmental technology verification report
|
| 500 |
|
|
|a "Superfund Innovative Technology Evaluation Program."
|
| 500 |
|
|
|a Shipping list number: 99-0615-M.
|
| 500 |
|
|
|a "December 1998."
|
| 500 |
|
|
|a "EPA/600/R-98/173."
|
| 500 |
|
|
|a "The U.S. Environmental Protection Agency (EPA), through its Office of Research and Development (ORD), and the U.S. Department of Energy's Environmental Management (EM) Program, funded and managed, through interagency agreement number DW89937854 with Oak Ridge National Laboratory, the verification effort described herein"--P. ii.
|
| 533 |
|
|
|a Microfiche.
|b [Washington, D.C.] :
|c Supt. of Docs., U.S. G.P.O.,
|d [1999]
|e 1 microfiche : negative.
|
| 530 |
|
|
|a Also available via Internet from the EPA's Environmental Technology Verification web site (PDF file only). Address as of 7/15/99: http://www.epa.gov/etv/02/elogixvr.pdf; current access is available via PURL.
|
| 500 |
|
|
|a Microform.
|
| 650 |
|
0 |
|a Polychlorinated biphenyls
|x Analysis
|x Technological innovations
|z United States
|x Evaluation.
|
| 650 |
|
0 |
|a Soils
|x Analysis
|x Technological innovations
|z United States
|x Evaluation.
|
| 650 |
|
0 |
|a Enzyme-linked immunosorbent assay
|x Technological innovations
|z United States
|x Evaluation.
|
| 700 |
1 |
|
|a Koglin, Eric.
|
| 710 |
2 |
|
|a Superfund Innovative Technology Evaluation Program (U.S.)
|
| 710 |
2 |
|
|a Oak Ridge National Laboratory.
|
| 710 |
1 |
|
|a United States.
|b Environmental Protection Agency.
|
| 830 |
|
0 |
|a Environmental technology verification report.
|
| 856 |
4 |
1 |
|u https://purl.fdlp.gov/GPO/LPS3062
|z Adobe Acrobat Reader required to view document
|t 0
|
| 999 |
|
|
|a MARS
|
| 999 |
f |
f |
|i 42d23941-bd5d-3023-8b9d-214148fcd345
|s 1a100229-5261-3a80-816f-f40fe02c6378
|t 0
|
| 952 |
f |
f |
|p normal
|a Texas A&M University
|b College Station
|c Sterling C. Evans Library
|d Evans: US Documents Microfiche (3rd floor)
|t 0
|e EP 1.23/6:600/R-98/173
|h Superintendent of Documents classification
|i microform -- microfiche
|m A14824498997
|
| 952 |
f |
f |
|a Texas A&M University
|b College Station
|c Electronic Resources
|d Available Online
|t 0
|e EP 1.23/6:600/R-98/173
|h Superintendent of Documents classification
|
| 998 |
f |
f |
|a EP 1.23/6:600/R-98/173
|t 0
|l Evans: US Documents Microfiche (3rd floor)
|
| 998 |
f |
f |
|a EP 1.23/6:600/R-98/173
|t 0
|l Available Online
|